[Event "32nd ECC Open 2016"]
[Site "Novi Sad SRB"]
[Date "2016.11.10"]
[Round "5.15"]
[Board "2"]
[White "Ramondino, Renzo"]
[Black "Barkhagen, Jonas"]
[Result "1-0"]
[WhiteTitle "FM"]
[BlackTitle "IM"]
[WhiteElo "2144"]
[BlackElo "2437"]
[WhiteTeam "DLF Steinitz Roma"]
[BlackTeam "SK Rockaden"]
[WhiteFideId "810304"]
[BlackFideId "1700855"]
[EventDate "2016.11.06"]

1. d4 Nf6 2. Bg5 e6 3. e4 h6 4. Bxf6 Qxf6 5. c3 d5 6. Nd2 c5 7. Ngf3 Nc6 8. Bb5
cxd4 9. Nxd4 Bc5 10. exd5 exd5 11. Qe2+ Kd8 12. O-O Bxd4 13. Bxc6 bxc6 14. cxd4
Qxd4 15. Nb3 Qb4 16. Qe5 f6 17. Qg3 g5 18. Rac1 Bd7 19. Nc5 Qf4 20. Qc3 Rc8 21.
Rfe1 Rc7 22. Na6 Rb7 23. Qa5+ Kc8 24. Qxd5 Rb6 25. Qa5 Re8 26. Rxe8+ Bxe8 27.
Qe1 Qe5 28. Nc5 Qxe1+ 29. Rxe1 Bg6 30. b3 Rb5 31. Rc1 Rb4 32. Rd1 Rb5 33. Rc1
Kd8 34. Ne6+ Ke7 35. Nd4 Rd5 36. Nxc6+ Kd7 37. b4 Rb5 38. a3 a6 39. f3 Kd6 40.
Nd4 Rd5 41. Rd1 f5 42. g3 f4 43. g4 Bf7 44. Nf5+ Ke5 45. Rxd5+ Bxd5 46. Kf2 Bb3
47. Nxh6 Kd4 48. Nf5+ Kc3 49. Nd6 Ba4 50. Ne4+ 1-0

[Event "32nd ECC Open 2016"]
[Site "Novi Sad SRB"]
[Date "2016.11.10"]
[Round "5.15"]
[Board "3"]
[White "Bator, Robert"]
[Black "Chiaretti, Roberto"]
[Result "1/2-1/2"]
[WhiteTitle "IM"]
[WhiteElo "2428"]
[BlackElo "2279"]
[WhiteTeam "SK Rockaden"]
[BlackTeam "DLF Steinitz Roma"]
[WhiteFideId "1700405"]
[BlackFideId "805149"]
[EventDate "2016.11.06"]

1. d4 e6 2. c4 Bb4+ 3. Nd2 d5 4. a3 Be7 5. e4 dxe4 6. Nxe4 Nf6 7. Nc3 c5 8. d5
O-O 9. Be2 exd5 10. cxd5 a6 11. Bf3 Ra7 12. g4 b5 13. h3 Rd7 14. Bf4 Bb7 15.
Bxb8 Qxb8 16. g5 Nxd5 17. Ne4 Qe5 18. Ne2 Rfd8 19. Qc1 Nb4 20. axb4 Bxe4 21. Qe3
Qxb2 22. O-O Bxf3 23. Qxf3 Qxb4 24. Rxa6 Bxg5 25. Ng3 Qf4 26. Qc6 h6 27. Qxb5
Rd3 28. Qc6 Bf6 29. Qg2 Bd4 30. Kh1 Rd2 31. Kg1 c4 32. Rc6 c3 33. Ne4 Rd3 34.
Qg4 Qxg4+ 35. hxg4 f5 36. gxf5 Rf8 37. Nc5 Bxc5 38. Rxc5 Rf3 39. Rc1 R8xf5 40.
Rxf5 Rxf5 41. Rxc3 1/2-1/2

[Event "32nd ECC Open 2016"]
[Site "Novi Sad SRB"]
[Date "2016.11.10"]
[Round "5.15"]
[Board "4"]
[White "Marzano, Carlo"]
[Black "Hedman, Erik"]
[Result "0-1"]
[BlackTitle "FM"]
[WhiteElo "2217"]
[BlackElo "2354"]
[WhiteTeam "DLF Steinitz Roma"]
[BlackTeam "SK Rockaden"]
[WhiteFideId "802980"]
[BlackFideId "1702351"]
[EventDate "2016.11.06"]

1. d4 c5 2. d5 g6 3. c4 Bg7 4. Nc3 d6 5. e4 Nf6 6. Bd3 O-O 7. h3 e6 8. Nf3 Na6
9. O-O Nc7 10. Re1 Rb8 11. a4 e5 12. Nb5 Nxb5 13. cxb5 h6 14. Nd2 Ne8 15. Nc4 f5
16. f4 exf4 17. e5 dxe5 18. Nxe5 g5 19. Qc2 Qd6 20. Nf3 Nc7 21. Bc4 Kh8 22. Qd3
Ne8 23. Rb1 Nf6 24. Re2 Ne4 25. Bd2 Nxd2 26. Qxd2 g4 27. Nh2 f3 28. gxf3 g3 29.
Nf1 f4 30. Re6 Bxe6 31. dxe6 Qxd2 32. Nxd2 Rfd8 33. Ne4 Rd4 34. b3 Rxe4 35. fxe4
f3 36. Bd5 Bd4+ 37. Kh1 g2+ 38. Kh2 Rg8 39. e7 f2 0-1

[Event "32nd ECC Open 2016"]
[Site "Novi Sad SRB"]
[Date "2016.11.10"]
[Round "5.15"]
[Board "5"]
[White "Engqvist, Thomas"]
[Black "Satta, Vladimiro"]
[Result "1-0"]
[WhiteTitle "IM"]
[WhiteElo "2350"]
[BlackElo "2197"]
[WhiteTeam "SK Rockaden"]
[BlackTeam "DLF Steinitz Roma"]
[WhiteFideId "1700332"]
[BlackFideId "803006"]
[EventDate "2016.11.06"]

1. d4 d6 2. Nf3 Bg4 3. c4 c6 4. e4 Nd7 5. Nc3 Ngf6 6. Be2 e5 7. Be3 Be7 8. O-O
O-O 9. d5 Qc7 10. Nd2 Bxe2 11. Qxe2 a6 12. Rfc1 Rfc8 13. Qd1 Qd8 14. b4 cxd5 15.
cxd5 b5 16. Nb3 Nb6 17. Na5 Nc4 18. Nc6 Nxe3 19. fxe3 Qd7 20. a4 Bd8 21. Qd3
bxa4 22. Rxa4 Bb6 23. Nd1 Qb7 24. Rca1 Rc7 25. Rxa6 Rxa6 26. Qxa6 h6 27. Qc4 Kh7
28. h3 Qc8 29. Kf2 g5 30. Ke2 g4 31. Nf2 gxh3 32. gxh3 Qg8 33. Qc1 Qg6 34. Qh1
Rc8 35. Qf3 Qg5 36. Ra6 Bc7 37. b5 Rg8 38. Ra7 Ne8 39. Qxf7+ Rg7 40. Qxe8 1-0

[Event "32nd ECC Open 2016"]
[Site "Novi Sad SRB"]
[Date "2016.11.10"]
[Round "5.15"]
[Board "6"]
[White "Bellincampi, Stefano"]
[Black "Kenneskog, Theodor"]
[Result "1/2-1/2"]
[BlackTitle "FM"]
[WhiteElo "2014"]
[BlackElo "2332"]
[WhiteTeam "DLF Steinitz Roma"]
[BlackTeam "SK Rockaden"]
[WhiteFideId "804630"]
[BlackFideId "1715011"]
[EventDate "2016.11.06"]

1. Nf3 c5 2. c4 Nc6 3. d4 cxd4 4. Nxd4 g6 5. e4 Bg7 6. Be3 Nf6 7. Nc3 O-O 8. Be2
d6 9. O-O Bd7 10. Qd2 Nxd4 11. Bxd4 Bc6 12. f3 Nd7 13. Be3 a5 14. b3 Nc5 15.
Rab1 b6 16. Rfd1 Ra7 17. Qc2 e6 18. Rd2 f5 19. Rbd1 Be5 20. Bf1 Raf7 21. Bd4 Bf4
22. Re2 Qa8 23. g3 Bg5 24. Bg2 fxe4 25. f4 Be7 26. Nxe4 e5 27. Nxc5 bxc5 28. Be3
Bxg2 29. Rxg2 exf4 30. Bxf4 Bf6 31. Be3 Be5 32. Rf2 Rxf2 33. Bxf2 Qf3 34. Rd3
Qe4 35. Rd2 Qxc2 36. Rxc2 a4 37. Re2 axb3 38. axb3 Rc8 39. Kg2 Kf7 40. Be1 Rb8
41. Re3 Bd4 42. Rf3+ Ke6 43. Bd2 Ra8 44. Be3 Ke5 45. Bf4+ Ke4 46. Rf1 Ra2+ 47.
Kh3 Be5 48. Re1+ Kf5 49. Rf1 g5 50. Bxe5+ Kxe5 51. Rd1 h6 52. Rd3 Re2 53. Rd5+
Ke6 54. Rd3 Rf2 55. g4 Ke5 56. Kg3 Rf6 57. Kg2 Ke4 58. Rd5 Kf4 59. h3 Re6 60.
Kf2 Ke4 1/2-1/2

[Event "32nd ECC Open 2016"]
[Site "Novi Sad SRB"]
[Date "2016.11.10"]
[Round "5.16"]
[Board "1"]
[White "Howell, David W L"]
[Black "Houriez, Clement"]
[Result "1/2-1/2"]
[WhiteTitle "GM"]
[BlackTitle "FM"]
[WhiteElo "2655"]
[BlackElo "2335"]
[WhiteTeam "Cheddleton"]
[BlackTeam "Cercle d'Echecs Fontainois"]
[WhiteFideId "410608"]
[BlackFideId "649708"]
[EventDate "2016.11.06"]

1. c4 c5 2. Nf3 Nf6 3. Nc3 e6 4. e3 Nc6 5. d4 d5 6. cxd5 exd5 7. Bb5 Bd6 8. dxc5
Bxc5 9. O-O O-O 10. b3 a6 11. Bxc6 bxc6 12. Bb2 Bg4 13. Ne2 Bd6 14. Ne5 Bxe5 15.
Bxe5 Qe7 16. Bxf6 Qxf6 17. f3 Bd7 18. Qd4 Qe7 19. Rac1 Rfe8 20. Kf2 a5 21. Rc5
h5 22. Rfc1 h4 23. R1c3 Reb8 24. a3 Ra6 25. Qd3 Rbb6 26. Nd4 Qf6 27. Qd2 Rb8 28.
Qd3 Rbb6 29. Qd2 Rb8 30. Rc1 Qd8 31. Qd3 Rbb6 32. Qd2 Rb8 33. Qd3 Rbb6 34. Qc3
Rb8 35. Rd1 Qb6 36. Rc1 Qd8 37. Rb1 Qb6 38. Rg1 Qd8 39. Qd3 Rbb6 40. Qc3 Rb8 41.
Re1 Qf6 42. Kg1 Qd6 43. Rc1 Qe7 44. Qd3 Rbb6 45. e4 dxe4 46. fxe4 Ra8 47. e5 h3
48. Qg3 Re8 49. gxh3 f6 50. e6 Bxe6 51. Nxc6 Qd7 52. Nxa5 Bxh3 53. Rc7 Qd4+ 54.
Qf2 Qg4+ 55. Qg3 Qd4+ 56. Qf2 Qg4+ 1/2-1/2

[Event "32nd ECC Open 2016"]
[Site "Novi Sad SRB"]
[Date "2016.11.10"]
[Round "5.16"]
[Board "2"]
[White "Wantiez, Fabrice"]
[Black "Hamitevici, Vladimir"]
[Result "0-1"]
[WhiteTitle "FM"]
[BlackTitle "IM"]
[WhiteElo "2315"]
[BlackElo "2484"]
[WhiteTeam "Cercle d'Echecs Fontainois"]
[BlackTeam "Cheddleton"]
[WhiteFideId "202274"]
[BlackFideId "13902393"]
[EventDate "2016.11.06"]

1. e4 g6 2. h4 d5 3. h5 dxe4 4. hxg6 fxg6 5. Nc3 Nf6 6. d4 Bg7 7. Bf4 Bf5 8. Qd2
c6 9. f3 exf3 10. Nxf3 Nbd7 11. O-O-O Qa5 12. Kb1 Nd5 13. Nxd5 Qxd5 14. Re1 Bf6
15. Qb4 c5 16. Qa4 cxd4 17. Ne5 Rc8 18. Bc4 Rxc4 19. Qxc4 Nb6 20. Qxd5 Nxd5 21.
Bd2 h5 22. Nf3 O-O 23. Nh4 Bxh4 24. Rxh4 Bg4 25. c4 dxc3 26. Bxc3 Rf2 27. g3
Nxc3+ 28. bxc3 Kf7 29. Re3 Kf6 30. Rh1 e5 31. Rhe1 e4 32. Rc1 g5 33. Rg1 Bf3 34.
Ree1 Kf5 35. Ka1 Rc2 36. Rb1 e3 37. Rgf1 Kg4 38. Rb4+ Kxg3 39. Rg1+ Rg2 40. Re1
e2 0-1

[Event "32nd ECC Open 2016"]
[Site "Novi Sad SRB"]
[Date "2016.11.10"]
[Round "5.16"]
[Board "3"]
[White "Williams, Simon K"]
[Black "Fontaine, Quentin"]
[Result "1-0"]
[WhiteTitle "GM"]
[WhiteElo "2444"]
[BlackElo "2270"]
[WhiteTeam "Cheddleton"]
[BlackTeam "Cercle d'Echecs Fontainois"]
[WhiteFideId "404454"]
[BlackFideId "230804"]
[EventDate "2016.11.06"]

1. d4 Nf6 2. Bf4 d5 3. e3 e6 4. c3 Bd6 5. Bxd6 Qxd6 6. f4 O-O 7. Nd2 c5 8. Bd3
b6 9. Ngf3 Bb7 10. O-O Nc6 11. Ne5 Ne7 12. Qf3 a5 13. g4 Ba6 14. Bxa6 Rxa6 15.
f5 exf5 16. gxf5 Nc6 17. Ng4 Nxg4 18. Qxg4 f6 19. Rf3 Ra7 20. Kh1 Re7 21. Rg1
cxd4 22. exd4 Qd7 23. Rh3 g5 24. fxg6 Qxg4 25. gxh7+ Kh8 26. Rxg4 Re1+ 27. Rg1
Rfe8 28. Nf1 Nd8 29. Rhg3 a4 30. Rg8+ Kxh7 31. R8g3 Nf7 32. Rg7+ 1-0

[Event "32nd ECC Open 2016"]
[Site "Novi Sad SRB"]
[Date "2016.11.10"]
[Round "5.16"]
[Board "4"]
[White "Mastalerz, Xavier"]
[Black "Eggleston, David J"]
[Result "0-1"]
[BlackTitle "IM"]
[WhiteElo "2231"]
[BlackElo "2413"]
[WhiteTeam "Cercle d'Echecs Fontainois"]
[BlackTeam "Cheddleton"]
[WhiteFideId "208310"]
[BlackFideId "412120"]
[EventDate "2016.11.06"]

1. d4 Nf6 2. Nf3 e6 3. c4 b6 4. g3 Bb7 5. Bg2 Be7 6. O-O O-O 7. d5 exd5 8. Nh4
c6 9. cxd5 Nxd5 10. Nf5 Nc7 11. e4 d5 12. Re1 Bf6 13. e5 Bc8 14. exf6 Bxf5 15.
fxg7 Re8 16. Rxe8+ Qxe8 17. Nc3 Nba6 18. Bf4 Ne6 19. Nxd5 Qd8 20. Ne3 Nxf4 21.
Nxf5 Nxg2 22. Qg4 Qf6 23. Rd1 Nc5 24. Rd6 Ne6 25. Kxg2 Rd8 26. Rxc6 Nf4+ 27. Kf1
Qxf5 28. Qxf4 Rd1+ 29. Kg2 Qd5+ 30. Kh3 Qxc6 31. Qb8+ Kxg7 32. Qe5+ Qf6 0-1

[Event "32nd ECC Open 2016"]
[Site "Novi Sad SRB"]
[Date "2016.11.10"]
[Round "5.16"]
[Board "5"]
[White "Fodor, Tamas Jr."]
[Black "Allaert, Dimitri"]
[Result "1-0"]
[WhiteTitle "GM"]
[WhiteElo "2493"]
[BlackElo "2135"]
[WhiteTeam "Cheddleton"]
[BlackTeam "Cercle d'Echecs Fontainois"]
[WhiteFideId "723762"]
[BlackFideId "209384"]
[EventDate "2016.11.06"]

1. c4 Nf6 2. g3 c6 3. Bg2 d5 4. Nf3 g6 5. b3 Bg7 6. Bb2 O-O 7. O-O dxc4 8. bxc4
c5 9. Nc3 Nc6 10. Rb1 Rb8 11. d3 b6 12. Nd2 Bb7 13. Qa4 Na5 14. Nde4 Nxe4 15.
Nxe4 Bc6 16. Qa3 Bxb2 17. Rxb2 Qc7 18. Rfb1 Rb7 19. Qc3 e5 20. Nf6+ Kg7 21. Nd5
Qd6 22. f4 f6 23. Rf1 exf4 24. gxf4 Bxd5 25. cxd5 Re7 26. e4 Nb7 27. Rbf2 Qd8
28. e5 Rd7 29. Re1 fxe5 30. fxe5 Rxf2 31. Kxf2 Qh4+ 32. Kg1 Kf8 33. d6 Nd8 34.
e6 1-0

[Event "32nd ECC Open 2016"]
[Site "Novi Sad SRB"]
[Date "2016.11.10"]
[Round "5.16"]
[Board "6"]
[White "Pierard, Florian"]
[Black "Steil-Antoni, Fiona"]
[Result "1/2-1/2"]
[BlackTitle "WIM"]
[WhiteElo "2101"]
[BlackElo "2141"]
[WhiteTeam "Cercle d'Echecs Fontainois"]
[BlackTeam "Cheddleton"]
[WhiteFideId "263532"]
[BlackFideId "4001249"]
[EventDate "2016.11.06"]

1. e4 d6 2. d4 Nf6 3. Nc3 Nbd7 4. Nf3 e5 5. Bc4 Be7 6. O-O O-O 7. Re1 c6 8. a4
a5 9. h3 exd4 10. Nxd4 Nc5 11. Qf3 Be6 12. Nxe6 fxe6 13. Qe2 Rf7 14. e5 Nd5 15.
exd6 Bxd6 16. Ne4 Nxe4 17. Qxe4 Qf6 18. Be3 Re8 19. Bd4 Qg5 20. Rad1 Rf4 21. Qe2
Rh4 22. Bxd5 cxd5 23. Be5 Bxe5 24. Qxe5 Qxe5 25. Rxe5 Kf7 26. b3 Rb4 27. Kf1 Rc8
28. Rd2 Rb6 29. Ke1 Rbc6 30. Kd1 Rc3 31. Rde2 R8c6 32. f4 g6 33. Rd2 Kf6 34.
Ree2 R6c5 35. Rd4 b5 36. axb5 Rxb5 37. Ra4 Rbc5 38. Rd4 h6 1/2-1/2

[Event "32nd ECC Open 2016"]
[Site "Novi Sad SRB"]
[Date "2016.11.10"]
[Round "5.17"]
[Board "1"]
[White "Lauber, Arnd"]
[Black "Ragger, Markus"]
[Result "1/2-1/2"]
[WhiteTitle "IM"]
[BlackTitle "GM"]
[WhiteElo "2434"]
[BlackElo "2694"]
[WhiteTeam "Schachfreunde Berlin"]
[BlackTeam "SC MPO Maria Saal"]
[WhiteFideId "4632630"]
[BlackFideId "1610856"]
[EventDate "2016.11.06"]

1. d4 Nf6 2. c4 g6 3. Nc3 d5 4. Nf3 Bg7 5. Bf4 O-O 6. Rc1 c5 7. dxc5 Be6 8. Nd4
Nc6 9. Nxe6 fxe6 10. e3 d4 11. exd4 Nxd4 12. Bd3 Nd7 13. Be3 Nxc5 14. Bb1 Qb6
15. Bxd4 Rad8 16. Qe2 Rxd4 17. O-O Rfd8 18. Rfd1 Rxd1+ 19. Nxd1 Qb4 20. a3 Qd2
21. Qxd2 Rxd2 22. Bc2 Bh6 23. Ne3 Nd3 24. Rd1 Rxf2 25. Ng4 Rxc2 26. Nxh6+ Kg7
27. Rxd3 Kxh6 28. b3 Rb2 29. b4 Rc2 30. Rd7 Rxc4 31. Rxb7 a5 32. bxa5 Ra4 33.
Rxe7 Rxa5 34. Rxe6 Rxa3 35. Re7 g5 36. g4 Ra2 37. Re6+ Kg7 38. Rb6 Rc2 39. Rb7+
Kg6 40. Rb6+ Kg7 41. Rb7+ Kg6 42. Rb6+ 1/2-1/2

[Event "32nd ECC Open 2016"]
[Site "Novi Sad SRB"]
[Date "2016.11.10"]
[Round "5.17"]
[Board "2"]
[White "Naumann, Alexander"]
[Black "Baldauf, Marco"]
[Result "1/2-1/2"]
[WhiteTitle "GM"]
[BlackTitle "IM"]
[WhiteElo "2561"]
[BlackElo "2431"]
[WhiteTeam "SC MPO Maria Saal"]
[BlackTeam "Schachfreunde Berlin"]
[WhiteFideId "4623169"]
[BlackFideId "4688210"]
[EventDate "2016.11.06"]

1. e4 c5 2. Nf3 d6 3. d4 cxd4 4. Nxd4 Nf6 5. Nc3 g6 6. Be3 Bg7 7. f3 O-O 8. Qd2
Nc6 9. O-O-O d5 10. exd5 Nxd5 11. Nxc6 bxc6 12. Bd4 Bxd4 13. Qxd4 Qb6 14. Na4
Qc7 15. Bc4 Rd8 16. Nc5 Bf5 17. Bb3 Nb6 18. Qe3 Nd5 19. Qd4 Nb6 20. Qh4 Rxd1+
21. Rxd1 Rd8 22. Rxd8+ Qxd8 23. Qf4 Qd6 24. Qxd6 exd6 25. Nb7 d5 26. Na5 Bd7 27.
c4 dxc4 28. Nxc4 Nxc4 29. Bxc4 Kf8 30. Kd2 Ke7 31. Kc3 f6 32. Bd3 Kd6 33. b4 Be8
34. Kd4 Bf7 35. a3 h6 36. f4 g5 37. fxg5 fxg5 38. Bf5 Ba2 39. g3 Bf7 40. Bd3 Be8
41. h4 Bf7 42. hxg5 hxg5 43. Be2 Bg6 44. Bf3 Bf7 45. Bg4 Bb3 46. Bc8 Bc2 47. Ba6
Bg6 1/2-1/2

[Event "32nd ECC Open 2016"]
[Site "Novi Sad SRB"]
[Date "2016.11.10"]
[Round "5.17"]
[Board "3"]
[White "Polzin, Rainer"]
[Black "Kreisl, Robert"]
[Result "1/2-1/2"]
[WhiteTitle "GM"]
[BlackTitle "IM"]
[WhiteElo "2413"]
[BlackElo "2448"]
[WhiteTeam "Schachfreunde Berlin"]
[BlackTeam "SC MPO Maria Saal"]
[WhiteFideId "4610741"]
[BlackFideId "1613880"]
[EventDate "2016.11.06"]

1. e4 e6 2. d4 d5 3. Nc3 Nf6 4. Bg5 dxe4 5. Nxe4 Be7 6. Bxf6 gxf6 7. Nc3 a6 8.
g3 e5 9. d5 c6 10. Bg2 Bb4 11. Ne2 Bg4 12. Qd3 cxd5 13. Bxd5 Bxe2 14. Kxe2 Bxc3
15. bxc3 Nc6 16. Bxc6+ bxc6 17. Rhd1 Qxd3+ 18. cxd3 Rb8 19. Rab1 Kd7 20. Rb3 Rb5
21. c4 Rxb3 22. axb3 Rb8 23. Ra1 Rxb3 24. Rxa6 f5 25. Ra7+ Ke6 26. Rc7 Rb6 27.
Ke3 h5 28. f4 e4 29. dxe4 Rb3+ 30. Ke2 Kd6 31. Rxf7 fxe4 32. Rf5 Rb2+ 33. Ke3
Rxh2 34. Kxe4 h4 35. gxh4 Rxh4 36. c5+ Ke6 37. Rg5 Kf6 38. Rf5+ Ke6 39. Rg5 Kf6
40. Rg8 Rh5 41. Rf8+ Ke7 42. Rf5 Rh1 43. Kd4 Rf1 44. Ke4 Rh1 45. Re5+ Kf6 46.
Rf5+ Ke7 47. Rg5 Kf6 48. Rf5+ 1/2-1/2

[Event "32nd ECC Open 2016"]
[Site "Novi Sad SRB"]
[Date "2016.11.10"]
[Round "5.17"]
[Board "4"]
[White "Halvax, Georg"]
[Black "Wendt, Jan-Dietrich"]
[Result "1-0"]
[WhiteTitle "FM"]
[BlackTitle "FM"]
[WhiteElo "2373"]
[BlackElo "2332"]
[WhiteTeam "SC MPO Maria Saal"]
[BlackTeam "Schachfreunde Berlin"]
[WhiteFideId "1619543"]
[BlackFideId "4623797"]
[EventDate "2016.11.06"]

1. e4 c5 2. Nf3 e6 3. d4 cxd4 4. Nxd4 Nf6 5. Nc3 Nc6 6. Ndb5 d6 7. Bf4 e5 8. Bg5
a6 9. Na3 b5 10. Bxf6 gxf6 11. Nd5 Bg7 12. Bd3 Ne7 13. Nxe7 Qxe7 14. c4 f5 15.
O-O O-O 16. Qh5 Qb7 17. Rae1 f4 18. cxb5 Be6 19. bxa6 Qxb2 20. Nb5 Rxa6 21. Nc7
Rc6 22. Nxe6 fxe6 23. a4 Qc3 24. Bb5 Rc7 25. Rd1 d5 26. exd5 exd5 27. Rxd5 e4
28. Bd7 e3 29. Be6+ Kh8 30. Bf5 Bd4 31. Qh6 exf2+ 32. Kh1 Re8 33. Qxf4 Be3 34.
Qf3 Rce7 35. Rd7 Qe1 36. Rd1 Qb4 37. Bd7 Rb8 38. Bb5 Qc5 39. Qf6+ Rg7 40. Rd8+
Rxd8 41. Qxd8+ Rg8 42. Qf6+ Rg7 43. Rd1 1-0

[Event "32nd ECC Open 2016"]
[Site "Novi Sad SRB"]
[Date "2016.11.10"]
[Round "5.17"]
[Board "5"]
[White "Lundin, Jan"]
[Black "Ertl, Johann"]
[Result "1-0"]
[WhiteTitle "FM"]
[BlackTitle "FM"]
[WhiteElo "2264"]
[BlackElo "2306"]
[WhiteTeam "Schachfreunde Berlin"]
[BlackTeam "SC MPO Maria Saal"]
[WhiteFideId "1706896"]
[BlackFideId "1613626"]
[EventDate "2016.11.06"]

1. d4 Nf6 2. c4 g6 3. Nc3 Bg7 4. Nf3 O-O 5. Bg5 d6 6. e3 h6 7. Bh4 c5 8. d5 Bf5
9. Bd3 Bxd3 10. Qxd3 Nbd7 11. Nd2 a6 12. a4 Qb6 13. Ra2 Qb4 14. f4 b5 15. a5
Rab8 16. O-O Rfe8 17. Kh1 Kh7 18. e4 Kg8 19. cxb5 axb5 20. Nf3 Nh5 21. g3 c4 22.
Qd2 Nc5 23. g4 Nf6 24. g5 Nh5 25. f5 hxg5 26. fxg6 f6 27. Bxg5 Nxe4 28. Nxe4
Qxd2 29. Bxd2 f5 30. Ng3 Nxg3+ 31. hxg3 b4 32. Ra4 Bxb2 33. Bxb4 c3 34. Nd4 c2
35. Nxc2 Rec8 36. Ne3 Bd4 37. Nxf5 Rc4 38. Nxe7+ Kg7 39. Rf7+ Kh6 40. Bd2+ 1-0

[Event "32nd ECC Open 2016"]
[Site "Novi Sad SRB"]
[Date "2016.11.10"]
[Round "5.17"]
[Board "6"]
[White "Rieger, Robert"]
[Black "Noetzel, Felix"]
[Result "1/2-1/2"]
[WhiteTitle "FM"]
[WhiteElo "2287"]
[BlackElo "2209"]
[WhiteTeam "SC MPO Maria Saal"]
[BlackTeam "Schachfreunde Berlin"]
[WhiteFideId "1625527"]
[BlackFideId "24637416"]
[EventDate "2016.11.06"]

1. e4 d5 2. exd5 Qxd5 3. Nc3 Qa5 4. d4 c6 5. Bc4 Bf5 6. Nf3 Nf6 7. Bd2 e6 8. Nd5
Qd8 9. Nxf6+ Qxf6 10. Qe2 Bg4 11. d5 Bxf3 12. gxf3 cxd5 13. Bxd5 Nd7 14. O-O-O
O-O-O 15. Be4 Qe5 16. Bc3 Qc7 17. Kb1 f6 18. Rhg1 Nc5 19. h4 Bd6 20. h5 Be5 21.
Bxe5 Qxe5 22. Rde1 Kb8 23. Qb5 Qc7 24. Qc4 Rd7 25. c3 Nxe4 26. Qxc7+ Kxc7 27.
Rxe4 e5 28. Reg4 Rg8 29. Kc2 Kd6 30. f4 Ke6 31. fxe5 Kxe5 32. R1g3 Kf5 33. Ra4
b6 34. Rag4 g5 35. hxg6 Rxg6 36. Rxg6 hxg6 37. Rf3+ Ke5 38. Re3+ Kf4 39. Re6 Kf5
40. Rc6 g5 41. a4 Ke5 42. b4 f5 43. c4 g4 44. Kc3 f4 45. Rg6 g3 46. fxg3 f3 47.
Rh6 f2 48. Rh1 Ke4 49. c5 bxc5 50. bxc5 Rf7 51. Rf1 Kf3 52. Kd4 Kxg3 53. c6 Kg2
54. Rxf2+ Kxf2 55. a5 Ke2 56. a6 Rf1 57. Kd5 Kd3 58. Kd6 Kc4 59. c7 Rf8 60. Kc6 1/2-1/2

[Event "32nd ECC Open 2016"]
[Site "Novi Sad SRB"]
[Date "2016.11.10"]
[Round "5.18"]
[Board "1"]
[White "Kristensen, Kaare Hove"]
[Black "Schroeder, Jan-Christian"]
[Result "0-1"]
[WhiteTitle "FM"]
[BlackTitle "GM"]
[WhiteElo "2374"]
[BlackElo "2521"]
[WhiteTeam "Skakklubben Nordkalotten"]
[BlackTeam "The Smashing Pawns Bieles"]
[WhiteFideId "1400940"]
[BlackFideId "24662259"]
[EventDate "2016.11.06"]

1. e4 c5 2. Nf3 Nc6 3. d4 cxd4 4. Nxd4 Nf6 5. Nc3 e5 6. Ndb5 d6 7. Bg5 a6 8. Na3
b5 9. Bxf6 gxf6 10. Nd5 f5 11. c3 Bg7 12. exf5 Bxf5 13. Nc2 Be6 14. a4 O-O 15.
axb5 axb5 16. Rxa8 Qxa8 17. Nc7 Qa5 18. Nxe6 fxe6 19. Be2 Nd4 20. Nxd4 exd4 21.
O-O d5 22. Bg4 Qb6 23. Qe2 e5 24. Bd7 b4 25. c4 Qd6 26. Bb5 e4 27. cxd5 Qd8 28.
f3 d3 29. Qd1 Qa5 0-1

[Event "32nd ECC Open 2016"]
[Site "Novi Sad SRB"]
[Date "2016.11.10"]
[Round "5.18"]
[Board "2"]
[White "Frischmann, Rick"]
[Black "Sylvan, Jacob"]
[Result "1/2-1/2"]
[BlackTitle "FM"]
[WhiteElo "2312"]
[BlackElo "2376"]
[WhiteTeam "The Smashing Pawns Bieles"]
[BlackTeam "Skakklubben Nordkalotten"]
[WhiteFideId "24660752"]
[BlackFideId "1402137"]
[EventDate "2016.11.06"]

1. e4 c5 2. Nf3 e6 3. b3 a6 4. Bb2 Nc6 5. c4 Nf6 6. Nc3 e5 7. g3 d6 8. Bg2 g6 9.
O-O Bg7 10. Ne1 O-O 11. Nc2 Rb8 12. Ne3 Nd4 13. Ncd5 Nxd5 14. Nxd5 Be6 15. Ne3
b5 16. d3 b4 17. Rb1 a5 18. f4 exf4 19. gxf4 f5 20. Nc2 Nxc2 21. Qxc2 Qd7 22.
Rbd1 Rbd8 23. Rf2 Bxb2 24. Qxb2 fxe4 25. dxe4 Bh3 26. f5 Bxg2 27. Rxg2 Qg7 28.
Qd2 Rf6 29. e5 Rxf5 30. exd6 Qe5 31. d7 Rf7 32. Qg5 Qxg5 33. Rxg5 Rdxd7 34. Rxd7
Rxd7 35. Rxc5 Rd1+ 36. Kf2 Rd2+ 37. Kg3 Rxa2 38. h4 Kg7 39. h5 Ra3 40. Kf4 Rxb3
41. Rxa5 Rc3 42. hxg6 Rxc4+ 43. Kg5 hxg6 44. Ra7+ Kf8 45. Kxg6 Rc6+ 46. Kf5 Rb6
47. Ke4 b3 48. Ra1 b2 1/2-1/2

[Event "32nd ECC Open 2016"]
[Site "Novi Sad SRB"]
[Date "2016.11.10"]
[Round "5.18"]
[Board "3"]
[White "Pedersen, Daniel Vesterbaek"]
[Black "Commercon, Simon"]
[Result "0-1"]
[WhiteTitle "FM"]
[WhiteElo "2234"]
[BlackElo "2266"]
[WhiteTeam "Skakklubben Nordkalotten"]
[BlackTeam "The Smashing Pawns Bieles"]
[WhiteFideId "1402161"]
[BlackFideId "24620998"]
[EventDate "2016.11.06"]

1. e4 e5 2. Nf3 Nc6 3. Nc3 Nf6 4. g3 d5 5. exd5 Nxd5 6. Bg2 Nxc3 7. bxc3 Bc5 8.
O-O O-O 9. Re1 Qf6 10. Rb1 Bb6 11. d3 Bg4 12. h3 Bh5 13. c4 Rfe8 14. g4 Bg6 15.
Bg5 Qd6 16. Nh4 Nd8 17. Nxg6 fxg6 18. Bh4 c6 19. Bg3 Nf7 20. Qd2 Rad8 21. Kh2
Qa3 22. c3 Qc5 23. Qe2 Rf8 24. f4 exf4 25. Bxf4 Qa5 26. Qe7 Qxc3 27. Qxb7 Nd6
28. Qxc6 Rxf4 29. Bd5+ Kh8 30. Qxd6 Rff8 31. Qg3 Bf2 32. Qe5 Bxe1 33. Rxe1 Qxd3
34. Re2 Qa3 35. Kg2 Qc5 36. Qe3 Qc7 37. Qe5 Qd7 38. Be6 Qd1 39. Bd5 Qf1+ 40. Kg3
g5 41. Bg2 Rd3+ 42. Kh2 Qf4+ 43. Qxf4 gxf4 44. Bd5 a5 45. Rc2 Rc8 46. Re2 a4 47.
Bb7 Rcd8 48. Bd5 a3 49. Rf2 g5 50. Re2 Rb8 0-1